La palabra viva del concilio / (Record no. 128326)

MARC details
000 -LEADER
campo de control de longitud fija 00881nam a2200241 i 4500
001 - NÚMERO DE CONTROL
campo de control 128326
003 - IDENTIFICADOR DE NÚMERO DE CONTROL
campo de control ES-MaACL
005 - FECHA Y HORA DE LA ÚLTIMA TRANSACCIÓN
campo de control 20251108165307.0
007 - CAMPO FIJO DE DESCRIPCIÓN FÍSICA--INFORMACIÓN GENERAL
campo de control de longitud fija t|
008 - DATOS DE LONGITUD FIJA--INFORMACIÓN GENERAL
campo de control de longitud fija 070629s1967 sp ||||1| spa d
080 ## - NÚMERO DE LA CLASIFICACIÓN DECIMAL UNIVERSAL
Número de la Clasificación Decimal Universal 231.74:262.5 Vat.II
111 2# - ENTRADA PRINCIPAL--NOMBRE DE CONGRESO/REUNIÓN
Nombre de congreso/reunión o jurisdicción como elemento de entrada Concilio Vaticano (
Número del congreso/reunión o número de parte o sección 2º.
Fecha del congreso o de la firma del tratado 1962-1965)
9 (RLIN) 122
245 13 - MENCIÓN DEL TÍTULO
Título La palabra viva del concilio /
Mención de responsabilidad, etc. texto y comentarios de la Constitución sobre la revelación Roger Schutz, Prior de Taize, Fr. Max Thurian ; prefacio del... P. Henri de Lubac ; versión de Gaudencio Guijarro.
260 ## - PUBLICACIÓN, DISTRIBUCIÓN, ETC.
Lugar de publicación, distribución, etc. Madrid :
Nombre del editor, distribuidor, etc. Studium,
Fecha de publicación, distribución, etc. [1967]
300 ## - DESCRIPCIÓN FÍSICA
Extensión 150 p. ;
Dimensiones 18 cm.
650 14 - PUNTO DE ACCESO ADICIONAL DE MATERIA--TÉRMINO DE MATERIA
Término de materia o nombre geográfico como elemento de entrada Revelación.
9 (RLIN) 16895
700 1# - ENTRADA AGREGADA--NOMBRE PERSONAL
Nombre de persona Roger
Títulos y otros términos asociados al nombre , frére.
9 (RLIN) 98934
700 1# - ENTRADA AGREGADA--NOMBRE PERSONAL
Nombre de persona Thurian, Max.
9 (RLIN) 110184
700 1# - ENTRADA AGREGADA--NOMBRE PERSONAL
Nombre de persona Lubac, Henri de,
Fechas asociadas al nombre 1896-1991
9 (RLIN) 74490
700 1# - ENTRADA AGREGADA--NOMBRE PERSONAL
Nombre de persona Guijarro, Gaudencio.
9 (RLIN) 60676
852 ## - LOCALIZACIÓN
Ubicación ES-MaACL
Número de control de estantería C-33665
Sublocalización o colección R.64334
Holdings
Estatus retirado Estado de pérdida Estado de daño No para préstamo Biblioteca de origen Biblioteca actual Ubicación en estantería Fecha de adquisición Fuente de adquisición Total de préstamos Signatura topográfica completa Código de barras Visto por última vez Precio de reemplazo Tipo de ítem Koha
        Biblioteca del Ateneo de Madrid Biblioteca del Ateneo de Madrid Depósito 2 17/01/2008     C-33665 1133654 23/02/2023 23/02/2023 Libro impreso